000 00899cam a2200277 i 4500
001 47225
003 Mx-PuUPA
005 20210819102039.0
008 140415s2004 mx r 000 0 spa d
020 _a9685956138
040 _aMX-PuUPA
_bspa
_erda
_cMx-PuUPA
_dMx-PuUPA
041 0 _aspa
100 1 _aBáez, Fernando,
_d1970
_eautor
_96104
245 1 0 _aHistoria universal de la destrucción de los libros :
_bde las tablillas sumerias a la guerra de Irak /
_cFernando Báez.
250 _aPrimera edición
264 1 _aMéxico, D.F. :
_bRandom House Mondadori,
_c©2004
300 _a386 páginas ;
_c22 cm.
336 _atexto
_2rdacontent
_btxt
337 _asin medio
_2rdamedia
_bn
338 _avolumen
_2rdacarrier
_bnc
490 0 _aArena Abierta
650 4 _aLibros
_xHistoria
942 _2ddc
_cLI
_h002
_iB1395
999 _c47225
_d47225